| 000 | 00651nam a2200217Ii 4500 | ||
|---|---|---|---|
| 003 | JO-AjNU | ||
| 008 | 230605s9999||||xx |||||||||||||| ||und|| | ||
| 017 | _a1984/1525 | ||
| 040 |
_aJO-AjNU _bara _erda _cJO-AjNU |
||
| 041 | _aara | ||
| 050 | 1 | 4 | _aPJ6151.K3788 1989 |
| 100 | 3 |
_aتأليف الكرعاوي، معطي جبر, _eauthor _914675 |
|
| 245 | 0 | 0 | _aكيف نتعلم الإعراب |
| 250 | _aط4 | ||
| 264 | 3 | 1 | _aبغداد: مكتبة النهضة، 1989 |
| 300 | _a198ص | ||
| 336 |
_atext _btxt _2rdacontent |
||
| 337 |
_aunmediated _bn _2rdamedia |
||
| 338 |
_avolume _bnc _2rdacarrier |
||
| 650 | 4 |
_aلغة عربية - نحو _914676 |
|
| 999 |
_aA3969 _c7537 _d7537 |
||